| 000 | 00918nam a22002537a 4500 | ||
|---|---|---|---|
| 999 |
_c21602 _d21602 |
||
| 003 | AR-CdUCM | ||
| 008 | 190312b ||||| |||| 00| 0 spa d | ||
| 020 | _a9786124041792 | ||
| 040 |
_aMUNICIPALIDAD PROVINCIAL DEL CUSCO _cBIBLIOTECA MUNICIPAL DEL CUSCO |
||
| 082 |
_a330.122/S26 _bS26 |
||
| 100 |
_aSardón, José Luis _945489 |
||
| 245 |
_aLibertad económica y régimen político : _bun estudio transnacional comporativo, 1990-2009 / _cJosé Luis Sardón |
||
| 260 |
_aLima : _bUniversidad Peruana de Ciencias Aplicadas, _c2012. |
||
| 300 |
_a242 páginas. : _c24 cm. |
||
| 500 | _zBibliografía: p. 231-240. | ||
| 650 |
_aLibre empresa _98541 |
||
| 650 |
_aLibre comercio _95839 |
||
| 650 |
_aPolítica económica _91407 |
||
| 650 |
_aPolítica industrial _936782 |
||
| 650 |
_aAmérica Latina _945490 |
||
| 710 |
_aUniversidad Peruana de Ciencias Aplicadas _945331 |
||
| 942 |
_2ddc _cLIBROS |
||
| 945 | _aRoel | ||